<?xml version="1.0" encoding="UTF-8"?>
<collection xmlns="http://www.loc.gov/MARC21/slim">
<record>
  <controlfield tag="001">171007</controlfield>
  <controlfield tag="005">20260430151736.0</controlfield>
  <datafield tag="024" ind1="7" ind2=" ">
    <subfield code="2">doi</subfield>
    <subfield code="a">10.12957/RQI.2024.87750</subfield>
  </datafield>
  <datafield tag="024" ind1="8" ind2=" ">
    <subfield code="2">sideral</subfield>
    <subfield code="a">149094</subfield>
  </datafield>
  <datafield tag="037" ind1=" " ind2=" ">
    <subfield code="a">ART-2025-149094</subfield>
  </datafield>
  <datafield tag="041" ind1=" " ind2=" ">
    <subfield code="a">spa</subfield>
  </datafield>
  <datafield tag="100" ind1=" " ind2=" ">
    <subfield code="a">Jordana Lluch, Ester</subfield>
    <subfield code="u">Universidad de Zaragoza</subfield>
    <subfield code="0">(orcid)0000-0003-1185-8064</subfield>
  </datafield>
  <datafield tag="245" ind1=" " ind2=" ">
    <subfield code="a">Derecho y biopolítica: el sueño de conciliar ley y orden</subfield>
  </datafield>
  <datafield tag="260" ind1=" " ind2=" ">
    <subfield code="c">2025</subfield>
  </datafield>
  <datafield tag="520" ind1="3" ind2=" ">
    <subfield code="a">El debate en torno al lugar que ocupa el derecho en las formas y tecnologías de poder en las sociedades contemporáneas desarrollado por Michel Foucault generó una confrontación en el campo anglosajón entre quienes argumentaban que Foucault menospreciaba o minimizaba el papel del derecho en sus análisis y quienes defendían su centralidad. Nuestra propuesta es volver sobre ese debate propugnando que la clave para resolverlo arraiga en el postulado entre la antinomia entre ley y orden que Foucault establece en el marco de análisis de la gubernamentalidad. A través de la historia de la gubernamentalidad iniciada por Foucault a finales de los años setenta nuestro trabajo acompaña las distintas transformaciones del derecho caracterizadas por el autor situándolas posteriormente en la antinomia entre ley y orden. Ese análisis permite esclarecer cuál era el plan general no llevado a cabo por Foucault en el curso de El nacimiento de la biopolítica y poner en relación el diagnóstico en torno a la crisis de justicia y la crisis de gubernamentalidad que Foucault enuncia a final de los años setenta. El recorrido realizado permitirá también situar las alusiones de Foucault a los «derechos de los gobernados» como una estrategia correlativa a la gubernamentalidad liberal y neoliberal que ponga límite a sus excesos.  
 
 </subfield>
  </datafield>
  <datafield tag="506" ind1="0" ind2=" ">
    <subfield code="a">Access copy available to the general public</subfield>
    <subfield code="f">Unrestricted</subfield>
  </datafield>
  <datafield tag="540" ind1=" " ind2=" ">
    <subfield code="9">info:eu-repo/semantics/openAccess</subfield>
    <subfield code="a">by</subfield>
    <subfield code="u">https://creativecommons.org/licenses/by/4.0/deed.es</subfield>
  </datafield>
  <datafield tag="655" ind1=" " ind2="4">
    <subfield code="a">info:eu-repo/semantics/article</subfield>
    <subfield code="v">info:eu-repo/semantics/publishedVersion</subfield>
  </datafield>
  <datafield tag="710" ind1="2" ind2=" ">
    <subfield code="1">5012</subfield>
    <subfield code="2">375</subfield>
    <subfield code="a">Universidad de Zaragoza</subfield>
    <subfield code="b">Unidad Predepartam. Filosofía</subfield>
    <subfield code="c">Área Filosofía</subfield>
  </datafield>
  <datafield tag="773" ind1=" " ind2=" ">
    <subfield code="g">17, 2 (2025), 3-35</subfield>
    <subfield code="t">Quaestio Iuris</subfield>
    <subfield code="x">1807-8389</subfield>
  </datafield>
  <datafield tag="856" ind1="4" ind2=" ">
    <subfield code="s">427553</subfield>
    <subfield code="u">http://zaguan.unizar.es/record/171007/files/texto_completo.pdf</subfield>
    <subfield code="y">Versión publicada</subfield>
  </datafield>
  <datafield tag="856" ind1="4" ind2=" ">
    <subfield code="s">583263</subfield>
    <subfield code="u">http://zaguan.unizar.es/record/171007/files/texto_completo.jpg?subformat=icon</subfield>
    <subfield code="x">icon</subfield>
    <subfield code="y">Versión publicada</subfield>
  </datafield>
  <datafield tag="909" ind1="C" ind2="O">
    <subfield code="o">oai:zaguan.unizar.es:171007</subfield>
    <subfield code="p">articulos</subfield>
    <subfield code="p">driver</subfield>
  </datafield>
  <datafield tag="951" ind1=" " ind2=" ">
    <subfield code="a">2026-04-30-13:58:54</subfield>
  </datafield>
  <datafield tag="980" ind1=" " ind2=" ">
    <subfield code="a">ARTICLE</subfield>
  </datafield>
</record>
</collection>